| 000 | 00815 a2200241 4500 | ||
|---|---|---|---|
| 001 | 119695 | ||
| 020 | _a8516050491 | ||
| 040 | _cEscola Canadense de Niteroi | ||
| 090 | _aMCD | ||
| 100 | _aMcDonald, Megan | ||
| 245 | 1 | 0 | _aDoutora Judy Moody |
| 250 | _a16. imp. | ||
| 260 | _aSão Paulo | ||
| 300 |
_a182 p. _bil. _c3 x 13,2 x 1 cm |
||
| 362 | 0 | _a2006 | |
| 490 | 0 | _aJudy Moody | |
| 520 | _aNeste volume, Judy acorda com segunda-feirite aguda, mas, ao chegar à escola, descobre que o tema do novo projeto de ciências é Maravilhas do corpo humano. Seguem-se aventuras com esqueletos e crânios, que com certeza vão deixar você craque nas quatro 'operações'! | ||
| 650 | 4 | _aCorpo Humano | |
| 650 | 4 | _aVida Escolar | |
| 650 | 4 | _aLiteratura Infantil | |
| 650 | 4 | _aFicção Realista | |
| 942 | _cBK | ||
| 999 |
_c119695 _d119695 |
||